| 000 | 00351nam a22001337a 4500 | ||
|---|---|---|---|
| 020 | _a978-81-318-0809-2 | ||
| 082 |
_a510 _bDIX/C |
||
| 100 | _aJ.B.DIXIT | ||
| 245 |
_aCOMPREHENSIVE MATHEMATICS ACTIVITIES AND PROJECTS _bFOR CLASS IX |
||
| 260 |
_aDELHI _bLAXMI PUBLICATIONS |
||
| 300 | _a92 | ||
| 650 |
_aMATHS ACTIVITIES FOR CLASS IX _zINDIA |
||
| 942 | _cBK | ||
| 999 |
_c889 _d889 |
||